000 02435nam a2200253Ia 4500
003 CO-CtgCURN
005 20250408190402.0
008 190723s2001 xx 000 0 und d
020 _a9586761487
040 _aCO-CtgCURN
_bspa
_ccoctgcurn
082 _a345.861
_bV297p
100 _aVargas Vargas, Pedro
_96731
245 0 _aDerecho penal general :
_bnuevo código penal 2001 en más de mil preguntas con sus respuestas y notas /
_cPedro Vargas Vargas y Taylor Londoño Herrera
260 _aBogotá, Colombia :
_bEdiciones Doctrina y Ley,
_c2001
300 _a854 páginas ;
_c24 centímetros.
505 _aCap.1. Derecho y Ley penales -- Cap.2. Fuentes de derecho penal -- Cap.3. Escuelas penales -- Cap.4. Actividades auxiliares del derecho penal -- Cap.5. Breve historia del derecho penal en nuestro territorio -- Cap.6. De las normas rectoras de la ley penal colombiana -- Cap.7. Interpretación de la ley -- Cap.8. La ley penal en el espacio -- Cap.9. La extradición -- Cap.10. Sentencia extrajera -- Cap.11. La ley penal en el tiempo -- Cap.12. Servidores públicos -- Cap.13. Conducta punible (sic) -- Cap.14. Tentativa -- Cap.15. La coparticipación -- Cap.16. Concurso de conductas punibles -- Cap.17. Actividad psicofísica del delincuente y formas de culpabilidad -- Cap.18. Ausencia de responsabilidad -- Cap.19. Inimputabilidad -- Cap.20. Las penas y sus consecuencias -- Cap.21. De los criterios y reglas para la determinación de la pena -- Cap.22. Parámetros para la determinación de los mínimos y máximos aplicables -- Cap.23. Fundamentos para la individualización de la pena -- Cap.24. Comunicabilidad de las circunstancias -- Cap.25. Suspensión condicional de la ejecución de la pena -- Cap.26. Libertad condicional -- Cap.27. De las medidas de seguridad -- Cap.28. Reclusión hospitalaria o domiciliaria por enfermedad muy grave -- Cap.29. De la extinción de la acción y de las sanciones penales -- Cap. De la responsabilidad civil derivada de la conducta punible.
520 _aTrata todo lo referente al Derecho Penal; es un texto de consulta permanente para todos los estudiantes de Derecho Penal.
521 _aAREA PROFESIONAL
590 _aPrograma de Derecho_18
650 _aProcedimiento penal
_96732
700 _aLondoño Herrera, Taylor
_eautor
_96868
942 _cBK
_h345.861
_iV297p
_2ddc
_n0
999 _c29024
_d29024